|
|
|
|
| LEADER |
00000nab a2200000 a 4500 |
| 001 |
vtls000539705 |
| 003 |
SK-MaSNL |
| 005 |
20260304093359.0 |
| 008 |
250425c1995 xo 0 slo |
| 015 |
|
|
|a SNBRB19rr/mm-uuuuu
|
| 035 |
|
|
|a CL0539843
|
| 035 |
|
|
|a urn:nbn:sk:snk-ab6k0e
|
| 035 |
|
|
|a (uuid)5b58fa14-5a62-4a17-b660-f9f674530c3d
|
| 035 |
|
|
|a (urnnbn)urn:nbn:sk:snk:ar-0051kz
|
| 040 |
|
|
|a SNKBUCL
|b slo
|c SNKBUCL
|e AACR2
|
| 041 |
0 |
|
|a slo
|
| 044 |
|
|
|a xo
|c SK
|
| 080 |
|
|
|a 82:929:885.4
|2 1981
|
| 080 |
|
|
|a 885.4:929
|2 1981
|
| 080 |
|
|
|a 929 Bánsky, Jozef
|2 1981
|
| 100 |
1 |
|
|a -jh-
|4 aut
|9 882827
|
| 245 |
1 |
0 |
|a Kto bol PhDr. Jozef Bánsky?
|c -jh-
|
| 600 |
1 |
7 |
|a Bánsky, Jozef,
|d 1919-1956
|2 snkbucl
|9 89475
|
| 655 |
|
7 |
|a články z novín a časopisov
|2 snkbucl
|9 267496
|
| 655 |
|
7 |
|a články z odboru knihovníctvo
|2 snkbucl
|9 166141
|
| 773 |
0 |
|
|t Knižnice a informácie
|g Roč. 27, č. 1 (1995), s. 44-45
|x 1210-096X
|
| 850 |
|
|
|a Slovenská národná knižnica
|
| 852 |
|
|
|a Slovenská národná knižnica
|
| 954 |
|
|
|a odborná, vedecká literatúra pôvodná (slovenská)
|2 lita
|
| 958 |
|
|
|a article2022
|
| 958 |
|
|
|a BX
|
| 958 |
|
|
|a RK
|
| 958 |
|
|
|a KL
|
| 958 |
|
|
|a OND
|
| 958 |
|
|
|a EUIPO
|
| 992 |
|
|
|a RBX
|
| 999 |
|
|
|c 2822913
|d 2824843
|